Postacie z dexter - Statystyki

Ogólne statystyki
  • Ten quiz został rozwiązany 208 razy
  • Średni wynik to 11 z 29
Statystyki odpowiedzi
Odpowiedź % Poprawnych
Dexter
100%
Debra
91%
Rita
77%
Masuka
76%
Laguerta
70%
Angel
69%
Doakes
67%
Brian Moser
56%
Harry
55%
Harrison
49%
Lila
49%
Cody
48%
Quinn
47%
Astor
46%
Arthur
41%
Miguel
39%
Lumen
31%
Travis Marshall
30%
Hannah McKay
18%
Jordan Chase
18%
Daniel Vogel
12%
Laura Moser
12%
Jamie
11%
Brother Sam
5%
Angela
4%
Dr Vogel
4%
Jonah Mitchell
1%
Rebecca Mitchell
1%
Ellen Wolf
0%
Nie znaleziono quizów pasujących do podanych kryteriów
Rozkład punktacji
Procent ludzi z każdym wynikiem
Percentyl według liczby udzielonych odpowiedzi
Twoja historia wyników
Nie rozwiązałeś tego quizu